La tía Julia y el escribidor

Zapisane w:
Opis bibliograficzny
1. autor: Vargas Llosa, Mario (Autor)
Format: Książka
Język:hiszpański
Wydane: Barcelona Seix Barral 1984
Seria:Biblioteca de Bolsillo
Hasła przedmiotowe:
Etykiety: Dodaj etykietę
Nie ma etykietki, Dołącz pierwszą etykiete!

MARC

LEADER 00000cam a2200000 a 4500
001 UCG8877
003 CL-VaPUC
008 120106e19840000SP |||||||||||||||||spa|d
020 |a 8432230251 
082 0 4 |a 863  |b VAR  |2 21 
100 0 |a Vargas Llosa, Mario  |e author  |9 318800 
245 1 3 |a La tía Julia y el escribidor 
300 |a 447 p 
942 |c BK 
945 |d 20120106 00:00:00  |a dcastane 
260 |a Barcelona  |b Seix Barral  |c 1984 
650 0 |a Narrativa hispanoamericana  |9 552155 
650 7 |a NOVELAS PERUANAS  |2 CL-VaPUC  |9 560134 
650 0 |a Literatura peruana  |9 257452 
583 |a last modification  |c 20120106 11:45:00  |k Rodrigo Vera 
490 0 |a Biblioteca de Bolsillo 
999 |c 346464  |d 346462 
952 |0 0  |1 0  |4 0  |6 863_000000000000000_VAR_1984  |7 0  |8 C  |9 447156  |a BIBCUR  |b BIBCUR  |d 2019-11-22  |i 4794982  |o 863 VAR 1984  |p 4794982  |r 2025-04-22  |w 2019-11-22  |y BK  |k CAC